Biblioteka Instytutu Północnego w Olsztynie

Widok standardowy Widok MARC

Pozycja Corporate Name

Liczba rekordów, w których użyto hasła: 1

001 - Numer kontrolny

  • control field: 40810

003 - Identyfikator numeru kontrolnego

  • control field: NUKAT

005 - Data i czas ostatniej modyfikacji

  • control field: 20260428131122.0

008 - Dane kontrolne kodowane (40 znaków)

  • fixed length control field: 011023n||a|znnaabn |a ana |c

010 ## - Numer kontrolny Biblioteki Kongresu

  • numer kontrolny LC: n 01069928

024 7# - OTHER STANDARD IDENTIFIER

  • Standard number or code: 144353286
  • Source of number or code: viaf

024 7# - OTHER STANDARD IDENTIFIER

  • Standard number or code: 0000000122936422
  • Source of number or code: isni

040 ## - Instytucja sporządzająca rekord

  • inst. przygot. dane do rek. khw: WR O/dja
  • język haseł przedmiotowych/tezaurus: kaba
  • inst. wprow. rek. khw: WR O/dja
  • inst. modyf. rek. khw: KR U/bs
  • inst. modyf. rek. khw: WR U/BKs
  • inst. modyf. rek. khw: WA U/EBA
  • inst. modyf. rek. khw: WR O/GW

110 1# - Hasło - nazwa ciała zbiorowego

  • nazwa ciała zbior. lub geogr. na pocz.: Stany Zjednoczone.
  • nazwa jednostki podrzędnej: Congress.
  • nazwa jednostki podrzędnej: House.
  • nazwa jednostki podrzędnej: Select Committee on the Katyn Forest Massacre.

410 1# - Trop zob. - nazwa ciała zbiorowego

  • nazwa ciała zbior. lub geogr. na pocz.: United States.
  • nazwa jednostki podrzędnej: Congress.
  • nazwa jednostki podrzędnej: House.
  • nazwa jednostki podrzędnej: Select Committee on the Katyn Forest Massacre.

410 2# - Trop zob. - nazwa ciała zbiorowego

  • nazwa ciała zbior. lub geogr. na pocz.: Select Committee on the Katyn Forest Massacre.

410 2# - Trop zob. - nazwa ciała zbiorowego

  • nazwa ciała zbior. lub geogr. na pocz.: Specjalna Komisja Powołana do Przeprowadzenia Śledztwa i Zbadania Faktów, Dowodów i Okoliczności Masakry w Lesie Katyńskim.

410 2# - Trop zob. - nazwa ciała zbiorowego

  • nazwa ciała zbior. lub geogr. na pocz.: Komisja Specjalna Kongresu Stanów Zjednoczonych do Zbadania Sprawy Mordu w Katyniu.

410 1# - Trop zob. - nazwa ciała zbiorowego

  • nazwa ciała zbior. lub geogr. na pocz.: Stany Zjednoczone.
  • nazwa jednostki podrzędnej: Congress.
  • nazwa jednostki podrzędnej: House.
  • nazwa jednostki podrzędnej: Select Committee to Conduct and Investigation and Study of the Facts, Evidence, and Circumstances of the Katyn Forest Massacre.

410 2# - Trop zob. - nazwa ciała zbiorowego

  • nazwa ciała zbior. lub geogr. na pocz.: Select Committee to Conduct and Investigation and Study of the Facts, Evidence, and Circumstances of the Katyn Forest Massacre.

670 ## - Źródło informacji

  • źródło informacji: The Katyn Forest Massacre. - Washington, 1988.

670 ## - Źródło informacji

  • źródło informacji: LCC online

670 ## - Źródło informacji

  • źródło informacji: Kp. Katyń w dokumentach Kongresu USA / Izba Reprezentantów Kongresu Stanów Zjednoczonych. - Pelpin, 2003.

670 ## - Źródło informacji

  • źródło informacji: Raport Komisji Specjalnej Kongresu Stanów Zjednoczonych do Zbadania Sprawy Mordu w Katyniu. - [S. l.], 1980.

670 ## - Źródło informacji

  • źródło informacji: The Katyn forest massacre. - Washington, 1952.
Biblioteka Instytutu Północnego, ul. Partyzantów 87, 10-402 Olsztyn, email: biblioteka(at)ip.olsztyn.pl